5HLuxD.jpg

KING HENRY VIII SENIOR AND PRIMARY SCHOOL LIBRARY OPAC

Enter three witches : (Record no. 77)

000 -LEADER
fixed length control field 01297nam a2200349 a 4500
001 - CONTROL NUMBER
control field 192081921
003 - CONTROL NUMBER IDENTIFIER
control field OCoLC
005 - DATE AND TIME OF LATEST TRANSACTION
control field 20190725091003.0
008 - FIXED-LENGTH DATA ELEMENTS--GENERAL INFORMATION
fixed length control field 080806r20082007nyu 000 1 eng d
020 ## - INTERNATIONAL STANDARD BOOK NUMBER
International Standard Book Number 9780439711579 (pbk.)
020 ## - INTERNATIONAL STANDARD BOOK NUMBER
International Standard Book Number 0439711576 (pbk.)
040 ## - CATALOGING SOURCE
Original cataloging agency BTCTA
Transcribing agency BTCTA
Modifying agency BAKER
-- BNY
-- UtOrBLW
082 04 - DEWEY DECIMAL CLASSIFICATION NUMBER
Classification number FIC COO
Edition number 22
091 ## - MICROFILM SHELF LOCATION (AM) [OBSOLETE]
Microfilm shelf location FIC
100 1# - MAIN ENTRY--PERSONAL NAME
Personal name Cooney, Caroline B.
Relator term author
245 10 - TITLE STATEMENT
Title Enter three witches :
Remainder of title a story of Macbeth /
Statement of responsibility, etc. Caroline B. Cooney.
260 ## - PUBLICATION, DISTRIBUTION, ETC.
Place of publication, distribution, etc. New York :
Name of publisher, distributor, etc. Scholastic,
Date of publication, distribution, etc. 2008.
300 ## - PHYSICAL DESCRIPTION
Extent 296 p. ;
Dimensions 18 cm.
500 ## - GENERAL NOTE
General note Originally published: New York : Scholastic Press, c2007.
520 ## - SUMMARY, ETC.
Summary, etc. When her father betrays the Scottish king and is hung as a traitor, Lady Mary's future is bleak after she loses her only true protector and ends up locked away in the tower by the powerful and deadly Lord and lady Macbeth.
600 00 - SUBJECT ADDED ENTRY--PERSONAL NAME
Personal name Macbeth,
Titles and other words associated with a name King of Scotland,
Dates associated with a name active 11th century.
Form subdivision Fiction.
600 10 - SUBJECT ADDED ENTRY--PERSONAL NAME
Personal name Shakespeare, William,
Dates associated with a name 1564-1616
Form subdivision Adaptations.
650 #0 - SUBJECT ADDED ENTRY--TOPICAL TERM
Topical term or geographic name entry element Regicides
Form subdivision Fiction.
650 #0 - SUBJECT ADDED ENTRY--TOPICAL TERM
Topical term or geographic name entry element Witches
Form subdivision Fiction.
650 #0 - SUBJECT ADDED ENTRY--TOPICAL TERM
Topical term or geographic name entry element Magic
Form subdivision Fiction.
651 #0 - SUBJECT ADDED ENTRY--GEOGRAPHIC NAME
Geographic name Scotland
Form subdivision Fiction.
700 1# - ADDED ENTRY--PERSONAL NAME
Personal name Shakespeare, William,
Dates associated with a name 1564-1616.
Title of a work Macbeth.
901 ## - LOCAL DATA ELEMENT A, LDA (RLIN)
a BTCLS
-- MARS
908 14 - PUT COMMAND PARAMETER (RLIN)
Put command parameter PZ7.C7834
942 ## - ADDED ENTRY ELEMENTS (KOHA)
Source of classification or shelving scheme
Koha item type Books - Fiction
Holdings
Withdrawn status Lost status Source of classification or shelving scheme Damaged status Not for loan Collection code Permanent Location Current Location Shelving location Date acquired Total Checkouts Full call number Barcode Date last seen Date last checked out Price effective from Koha item type
          Fiction KH8 Senior School Library KH8 Senior School Library Fiction 2019-07-25 1 FIC COO 3KHSL000101033 2024-07-16 2019-10-17 2019-07-25 Books - Fiction

Powered By KH8 IT Dept